|
|
|
|
| LEADER |
01195aam a22003258a 4500 |
| 001 |
00034447 |
| 005 |
20171026081025.0 |
| 008 |
160909s2016 ||||||viesd |
| 041 |
0 |
# |
|a vie
|
| 082 |
1 |
4 |
|a 639.8
|b B103GI
|
| 100 |
1 |
# |
|a Nguyễn, Thị Thành
|
| 245 |
1 |
0 |
|a Bài giảng kỹ thuật nuôi thức ăn tự nhiên
|c Nguyễn Thị Thành
|b Mã môn học: AQ4134. Ngành Nuôi trồng thủy sản, hệ Đại học. Lưu hành nội bộ
|
| 260 |
# |
# |
|a Đồng Tháp
|c 2016
|
| 300 |
# |
# |
|a 117 tr.
|c 25 cm.
|
| 500 |
# |
# |
|a ĐTTS ghi: Bộ Giáo dục và Đào tạo. Trường Đại học Đồng Tháp.
|
| 653 |
# |
# |
|a Kỹ thuật
|
| 653 |
# |
# |
|a Thức ăn
|
| 653 |
# |
# |
|a Thủy sản
|
| 653 |
# |
# |
|a Nuôi trồng
|
| 852 |
# |
# |
|j KD.0017868
|j KGT.0053045
|j KGT.0051138
|j KGT.0051139
|j KGT.0051140
|j KGT.0051137
|
| 852 |
# |
# |
|b Kho đọc
|j KD.0017868
|
| 852 |
# |
# |
|b Kho mượn
|j KGT.0051137, KGT.0051138, KGT.0051139, KGT.0051140, KGT.0053045
|
| 910 |
|
|
|d 09/09/2016
|
| 980 |
# |
# |
|a Trung tâm Học liệu Lê Vũ Hùng, Trường Đại học Đồng Tháp
|